01269nam a2200325 a 4500001001200000003000800012006001900020007001500039008004100054010001700095020004100112020002700153040002100180035002100201050002300222082001500245245011900260260005800379300001500437504005100452533015200503650002300655650001500678650003500693655002900728700002300757700002000780710001700800856012600817ebr10650189CaPaEBRm u cr cn|||||||||120210s2012 nyu sb 001 0 eng d z 2012003672 z9781438444970 (hardcover alk. paper) z9781438444994 (e-book) aCaPaEBRcCaPaEBR a(OCoLC)82685558714aBL72b.S695 2012eb04a206/.122300aSpiritual masters of the world's religionsh[electronic resource] /cedited by Victoria Kennick and Arvind Sharma. aAlbany :bState University of New York Press,cc2012. aix, 280 p. aIncludes bibliographical references and index. aElectronic reproduction.bPalo Alto, Calif. :cebrary,d2013.nAvailable via World Wide Web.nAccess may be limited to ebrary affiliated libraries. 0aReligious leaders. 0aReligions. 0aLeadershipxReligious aspects. 7aElectronic books.2local1 aKennick, Victoria.1 aSharma, Arvind.2 aebrary, Inc.40uhttp://site.ebrary.com/lib/rucke/Doc?id=10650189zAn electronic book accessible through the World Wide Web; click to view